Un petit monde d'autrefois /

Guardat en:
Dades bibliogràfiques
Autor principal: Fogazzaro, Antonio (autor)
Format: Llibre
Idioma:francès
Publicat: París, Francia : Hachette, hacia 1896
Col·lecció:(Petite Bibliotèque de la Famille)
Matèries:
Etiquetes: Afegir etiqueta
Sense etiquetes, Sigues el primer a etiquetar aquest registre!

MARC

LEADER 00000nam^a2200000^a^4500
001 000450966
005 20250526000000.0
009 20260310123801.39
037 |a Acervo ITESO - Biblioteca 
041 |a FRA 
091 |a FHM. 11294 
100 |a Fogazzaro, Antonio  |e (autor) 
240 1 1 |a [Pequeño mundo antiguo] 
245 1 3 |a Un petit monde d'autrefois /  |c A. Fogazzaro ; il. de Ernest Vulliemin. 
264 4 |a París, Francia :  |b Hachette,  |c hacia 1896 
300 |a IV, 515 p. ;  |c 19.0 cm. 
336 |a texto  |b txt  |2 rdacontenido 
337 |a sin mediación  |b n  |2 rdamedio 
338 |a volumen  |b nc  |2 rdasoporte 
440 1 |a (Petite Bibliotèque de la Famille) 
500 |a Traducción de: Piccolo mondo antico 
649 |a XX 
650 |a Nacionalismo -  |z Italia 
650 |a Novela Italiana 
650 |a Literatura e Historia -  |z Italia 
650 |a Literatura Italiana -  |y Siglo XIX 
650 |a Lombardía, Italia en la Literatura 
650 |a Italia -  |x Historia -  |y Risorgimento, 1815-1861 
910 |a Fondo Hugo B. Margáin 
920 |a Impresos - Libros 
930 |a Libros Antiguos y Raros 
940 |a Literatura 
905 |a 126 
901 |a 0500355088  |b IT2  |c LRA  |i D  |u 20250526 
902 |a https://opac.biblio.iteso.mx/vufind/Record/000450966